000 00509nam a2200181Ia 4500
999 _c14471
_d14471
003 OSt
005 20201019104113.0
008 190216s9999||||xx |||||||||||||| ||und||
020 _a9788172235031
040 _coclc
082 _a306.7
_bGRA/M
100 _aGray, John
_92505
245 0 _aMen Are From Mars Women Are From Venus /
_cJohn Gray
260 _bHarper Collins Publishers,
_c2010.
300 _a286p
650 _aEnglish
942 _cBK
_2ddc
_h306.7
_iGRA/M
_k306.7
_mGRA/M